Italian to English Country Names - Statistics

General Stats
  • This quiz has been taken 117 times
    77 since last reset
  • The average score is 20 of 21
Answer Stats
Italian English % Correct
Ciad Chad
97%
Cile Chile
97%
Cina China
97%
Islanda Iceland
97%
Malesia Malaysia
97%
Spagna Spain
97%
Svizzera Switzerland
97%
Regno Unito United Kingdom
97%
Stati Uniti United States
97%
Ungheria Hungary
96%
Giamaica Jamaica
96%
Giordania Jordan
96%
Lettonia Latvia
96%
Corea del Sud South Korea
96%
Svezia Sweden
96%
Turchia Turkey
96%
Cipro Cyprus
94%
Giappone Japan
94%
Costa d’Avorio Ivory Coast
93%
Repubblica Ceca Czech Republic
90%
Paesi Bassi Netherlands
75%
No matching quizzes found
Score Distribution
Percent of People with Each Score
Percentile by Number Answered
Your Score History
You have not taken this quiz since the last reset